Closest Countries to Russia Quiz Stats

Quiz Updated Sep 6, 2016

Challenge
Share
Tweet
Embed
Score 0/20 Timer 03:00
2 Plays Today
Distance Country % Correct
242 kmSweden
88.2%
357 kmGermany
82.9%
4 kmJapan
82.7%
4 kmUnited States
82.4%
454 kmSouth Korea
80.8%
135 kmTurkey
77%
542 kmRomania
72%
297 kmDenmark
68.7%
638 kmHungary
66.9%
535 kmSlovakia
65.6%
Distance Country % Correct
480 kmCzechia
65.3%
165 kmIran
65.2%
659 kmBulgaria
64.5%
112 kmArmenia
60.9%
509 kmIraq
59.8%
514 kmMoldova
59.6%
615 kmUzbekistan
59.5%
321 kmTurkmenistan
58%
667 kmAustria
53.5%
600 kmSyria
45.6%

You're not logged in!

Compare scores with friends on all Sporcle quizzes.
Join for Free
OR
Log In

You Might Also Like...

Show Comments

Extras

Top Quizzes Today


Score Distribution

Your Account Isn't Verified!

In order to create a playlist on Sporcle, you need to verify the email address you used during registration. Go to your Sporcle Settings to finish the process.

Report this User

Report this user for behavior that violates our Community Guidelines.

Details: